ბათუმის შოთა რუსთაველის სახელმწიფო უნივერსიტეტის ბიბლიოთეკა

ორიონი : საიუბილეო კრებული, მიძღვნილი აკაკი შანიძის დაბადების 80 წლისთავისადმი (ბიბ.ჩანაწერი № 52467)

000 -LEADER
fixed length control field 01243nam a2200241Ia 4500
001 - CONTROL NUMBER
control field 19490
003 - CONTROL NUMBER IDENTIFIER
control field GE_BSU
008 - FIXED-LENGTH DATA ELEMENTS--GENERAL INFORMATION
fixed length control field 181216s||||||||xx |||||||||||||| ||und||
040 ## - CATALOGING SOURCE
Transcribing agency GE_BSU
080 ## - UNIVERSAL DECIMAL CLASSIFICATION NUMBER
Universal Decimal Classification number 81(479.22)(092)
245 ## - TITLE STATEMENT
Title ორიონი : საიუბილეო კრებული, მიძღვნილი აკაკი შანიძის დაბადების 80 წლისთავისადმი
245 ## - TITLE STATEMENT
Statement of responsibility, etc. რედაქტორები : ი. იმნაიშვილი, ა. ურუშაძე.
250 ## - EDITION STATEMENT
Edition statement თბილისის სახელმწიფო უნივერსიტეტი.
260 ## - PUBLICATION, DISTRIBUTION, ETC.
Place of publication, distribution, etc. თბილისი
260 ## - PUBLICATION, DISTRIBUTION, ETC.
Name of publisher, distributor, etc. თბილ. უნ-ტის გამ-ბა,
260 ## - PUBLICATION, DISTRIBUTION, ETC.
Date of publication, distribution, etc. 1967
300 ## - PHYSICAL DESCRIPTION
Extent 444გვ;26სმ.
300 ## - PHYSICAL DESCRIPTION
Other physical details საგნობრივი საძიებელი: გვ. 440-41. - აკაკი შანიძის ნაშრომთა ბიბლიოგრაფია: გვ. 407-439. - ტექსტის მცირე ნაწ. რუს. ენ.
653 ## - INDEX TERM--UNCONTROLLED
Uncontrolled term ორიონი
653 ## - INDEX TERM--UNCONTROLLED
Uncontrolled term საიუბილეო კრებული,
942 ## - ADDED ENTRY ELEMENTS (KOHA)
Koha item type წიგნი
ეგზემპლარები
Withdrawn status Lost status Damaged status Not for loan Date acquired Barcode Date last seen Price effective from Koha item type
        2018-12-17 48517 2018-12-17 2018-12-17 წიგნი